[Event "American Continental-ch 2018"]
[Site "Montevideo"]
[Date "2018.06.08"]
[Round "9"]
[White "Flores, Diego"]
[Black "Delgado Ramirez, Neuris"]
[Result "1-0"]
[WhiteElo "2614"]
[BlackElo "2613"]
[Annotator "TA"]
[PlyCount "77"]
[EventDate "2018.??.??"]
[EventType "swiss"]
[EventCountry "URU"]
[SourceTitle "playchess.com"]
[Source "ChessBase"]
[SourceQuality "1"]

{[%evp 13,77,34,43,19,65,63,93,82,78,86,75,60,75,66,68,55,91,94,95,85,87,89,156,149,166,130,162,165,170,150,175,157,194,180,184,191,200,200,211,187,237,233,233,170,273,262,257,267,262,234,260,245,215,142,126,131,127,111,379,369,404,406,736,736,736,736]} 1. Nf3 Nf6 2. c4 e6 3. g3 d5 4. Bg2 dxc4 5. O-O Nbd7 {[%cal Bb8d7,Bd7b6,Bb6d5,Bd5b4][%mdl 32]} 6. Qc2 a6 {A13: English Opening: 1...e6} (6... Nb6 7. a4 a5 8. Na3 Bxa3 9. Rxa3 O-O 10. e4 e5 11. Nxe5 Qd4 12. Qc3 Qxc3 13. Rxc3 Be6 14. d4 Nxa4 {1-0 (40) Wei,Y (2738)-Ponomariov,R (2699) Danzhou 2017}) 7. a4 a5 {LiveBook: 3 Games} 8. Na3 Nb6 $146 {The position is equal.} ({Predecessor:} 8... Bxa3 9. Rxa3 Nb6 10. d3 cxd3 11. Rxd3 Qe7 12. Be3 Nfd5 13. Bc5 Nb4 14. Qc3 {1-0 (48) Mayer,F (2331)-Vatter,H (2322) Saarbruecken 2009}) 9. Nxc4 Nbd5 10. d3 Be7 11. Bd2 c6 12. Qb3 O-O 13. Nfe5 Nb4 14. Rfd1 Nd7 15. d4 Nxe5 16. dxe5 Qc7 17. Nd6 c5 (17... Ra6 $142) 18. Rac1 $16 Bd7 19. Nxb7 Rab8 {[#] ...Nd5 is the strong threat.} 20. Bxb4 $1 axb4 21. Nd6 Qa7 22. Qe3 Bxd6 23. exd6 Bxa4 24. b3 Bb5 25. Rxc5 ({But not} 25. Qxc5 Qxc5 26. Rxc5 Bxe2 $16) 25... Bxe2 26. Rdc1 Bb5 27. Qe5 Qb6 28. Bc6 Ba6 (28... Bxc6 $142 29. Rxc6 Qb7) 29. Ba4 $18 Rbd8 30. Rc6 Qb7 {[#]} 31. d7 $1 {[%mdl 512]} Bd3 (31... Qxd7 32. Rxa6) 32. Rc7 Qf3 {intending ...Be4.} 33. Qf4 $36 {[%mdl 2048] White has strong initiative.} Qxf4 34. gxf4 f6 35. f3 e5 $2 {[%mdl 8192]} (35... Kf7 $16 {was necessary.}) 36. fxe5 {And now e6 would win.} fxe5 37. Re1 Rxf3 (37... g5 $142 38. Rxe5 Bg6) 38. Rc8 Rff8 39. Rxd8 {Precision: White = 84%, Black = 39%.} 1-0

[Event "American Continental-ch 2018"]
[Site "Montevideo"]
[Date "2018.06.08"]
[Round "9"]
[White "Cruz, Cristhian"]
[Black "Sosa, Tomas"]
[Result "0-1"]
[WhiteElo "2576"]
[BlackElo "2453"]
[Annotator "TA"]
[PlyCount "76"]
[EventDate "2018.??.??"]
[EventType "swiss"]
[EventCountry "URU"]
[SourceTitle "playchess.com"]
[Source "ChessBase"]
[SourceQuality "1"]

{[%evp 20,76,0,-9,-8,-37,-37,-29,-8,-31,0,0,0,-9,10,0,25,17,56,12,38,0,14,0,50,60,58,0,0,0,0,0,0,0,0,0,0,0,15,-20,0,-89,-14,-36,-34,-216,-284,-246,-227,-1031,-495,-2710,-2599,-5795,-4205,-29986,-29987,-29987,-29988]} 1. d4 d5 2. c4 e6 3. Nf3 Nf6 4. Nc3 Bb4 5. e3 O-O 6. Bd2 b6 7. cxd5 exd5 8. Bd3 Nbd7 9. O-O Bb7 10. Rc1 a6 {E52: Nimzo-Indian: Rubinstein: 4...0-0 5 Nf3 d5 6 Bd3 b6} (10... Be7 11. Be1 c5 12. Ne5 cxd4 13. Nxd7 Qxd7 14. Nb5 Rfc8 15. Rxc8+ Rxc8 16. Nxd4 g6 17. f3 Ne8 18. Bb5 {½-½ (34) Sandipan,C (2573)-Short,N (2656) Kolkata 2018}) 11. Qc2 {LiveBook: 4 Games} Re8 12. Qb1 $146 ({Predecessor:} 12. Ne2 Bd6 13. Ng3 g6 14. Bc3 Qe7 15. b3 h5 16. Ne5 {1-0 (26) Klekowski,M (2498)-Goessler,M (2209) Katowice 2017}) 12... Bd6 {Black is slightly better.} 13. b4 {[%cal Bb2b4,Bb4b5][%mdl 32]} Ne4 14. a4 Re6 15. Rfd1 Ndf6 16. Be1 Qe7 17. b5 a5 18. Ne2 Nh5 19. Rc2 Rh6 20. Rdc1 f6 21. Nc3 g5 {[%cal Bg7g5,Bg5g4][%mdl 32]} 22. Qa2 Nxc3 23. Bxc3 (23. Rxc3 $14 Ng7 24. h3) 23... g4 $1 $11 {[%cal Rg4f3]} 24. Nh4 $1 {[%cal Rh4f5] Nf5 is the strong threat.} Ng7 {[%cal Bh5g7,Bg7e6,Be6f4,Bf4h3][%mdl 32]} 25. g3 Rxh4 $1 26. gxh4 f5 27. Be1 Rf8 28. Rc3 Ne6 29. Rc6 Bxc6 30. Rxc6 {[#]} (30. bxc6 $11 Qd8 31. Bf1) 30... Kh8 (30... Nf4 $1 $17 {[%cal Rf4d3][%mdl 512]} 31. Bf1 (31. exf4 Qxe1+) 31... Kh8) 31. Qxd5 Nf4 $1 $36 {[%cal Rf4d5][%mdl 2048] Black is pushing.} 32. Qb3 $2 (32. Qc4 $15) 32... Nh3+ $1 $19 ({Don't take} 32... Nxd3 33. Qxd3 Qxh4 34. Rxd6 $17) 33. Kf1 {[#]} f4 $1 {[%cal Rf4e3]} 34. e4 $2 (34. exf4 Re8 35. Qc3 Nxf4 36. Rxd6 cxd6 37. Bd2 Nxd3 38. Qxd3) 34... f3 (34... g3 $142 35. Be2 f3 36. hxg3 fxe2+ 37. Kxe2 Qxe4+ 38. Qe3 Qg4+ 39. Kd2 Qg6 40. Qe5+ Bxe5 41. Rxg6 {[#]} Bf4+ $1 {[%mdl 512]} 42. gxf4 hxg6) 35. Bd2 (35. d5 $142 Qxh4 36. Bc4) 35... Qxh4 {[%csl Gh3][%cal Rh4f2]} 36. Be3 {[#]} Nxf2 $1 {[%mdl 512]} 37. Rxd6 (37. Bxf2 Qxh2) 37... Nxd3 38. Qxd3 Qh3+ {Precision: White = 31%, Black = 48%.} 0-1

[Event "American Continental-ch 2018"]
[Site "Montevideo"]
[Date "2018.06.08"]
[Round "9"]
[White "Liang, Awonder"]
[Black "Hungaski, Robert"]
[Result "0-1"]
[WhiteElo "2571"]
[BlackElo "2510"]
[Annotator "TA"]
[PlyCount "92"]
[EventDate "2018.??.??"]
[EventType "swiss"]
[EventCountry "URU"]
[SourceTitle "playchess.com"]
[Source "ChessBase"]
[SourceQuality "1"]

{[%evp 9,92,-52,-8,-13,-24,-26,0,0,0,-5,0,0,0,0,0,0,26,-66,0,0,0,-68,-40,-116,-120,-141,-121,-122,-136,-216,-125,-139,-122,-271,-276,-219,-283,-278,-254,-266,-275,-264,-200,-207,-196,-186,-182,-231,-237,-239,-239,-259,-265,-246,-240,-278,-274,-268,-269,-262,-259,-272,-266,-248,-259,-261,-244,-275,-278,-478,-483,-860,-469,-394,0,-761,-695,-2827,-2002,-1110,-846,-6211,-1513,-6127,-5498]} 1. b3 d5 2. Bb2 c5 3. Nf3 f6 4. e3 e5 5. Nh4 (5. d4 cxd4 6. exd4 e4 7. Nfd2 f5 8. c4 Nf6 9. Nc3 Be6 10. c5 Nc6 11. Na4 f4 12. Qe2 Be7 13. g3 O-O 14. gxf4 {0-1 (49) Sochacki,C (2471)-Zubov,A (2623) Paris 2017}) 5... Be6 6. Bb5+ {A06: Zukertort-Eröffnung} Nc6 7. f4 exf4 $146 ({Vorgänger:} 7... e4 8. c4 dxc4 9. f5 Bf7 10. Bxc4 Bxc4 11. bxc4 Nh6 12. O-O Qd3 {1-0 (46) Rethy,P-Barcza,G Budapest 1936}) 8. Bxc6+ {Die Stellung ist ausgeglichen.} bxc6 9. exf4 Bd6 10. Qe2 Kd7 11. O-O Nh6 12. Nc3 Qa5 13. a3 (13. Qf2 $11) 13... Nf5 ({Günstiger ist} 13... Rae8 $15) 14. Nxf5 $11 Bxf5 15. Kh1 ({Lieber} 15. d3 $11) 15... Rhe8 $15 16. Qh5 (16. Qd1 $15) 16... Bxc2 $17 17. Qg4+ f5 18. Qxg7+ Re7 19. Qg5 (19. Qf6 $17 {kämpft weiter.}) 19... Bxb3 ({Besser ist} 19... d4 $19 20. b4 Qb6) 20. Qxf5+ Kc7 21. Qh3 (21. d3 $17 {war nötig.}) 21... d4 $19 22. Ne4 Rxe4 23. Qxb3 Qxd2 24. Rab1 Rc8 (24... Rxf4 25. Rg1 $17) 25. Ba1 Re7 26. Qa4 {[#]} Kd8 $1 ({Aber nicht} 26... Bxf4 $2 27. Rbd1 $18) 27. Rbd1 Qe2 $40 {[%mdl 128] Schwarz greift entschieden an.} 28. Bxd4 cxd4 29. Qxd4 Rd7 30. Rfe1 Qg4 31. Rf1 h5 32. h3 Qf5 33. Qc4 Bxa3 34. Rxd7+ Kxd7 ({Bloß nicht} 34... Qxd7 35. Qc3 $19) 35. Qd4+ Bd6 36. Rd1 Qg6 37. Qxa7+ Rc7 38. Qd4 Rb7 39. Rd2 $2 (39. Qa1) 39... h4 40. Qe3 (40. g4 $142 hxg3 41. Kg2) 40... Qf6 41. Qe5 Qg6 $2 ({Nicht} 41... Rb1+ 42. Kh2 $11) (41... Qf8 42. Qe4 Kc7) 42. Qe3 $1 Kc7 {Schwarz steht klar auf Gewinn.} 43. Kh2 Qf6 44. Rf2 c5 45. Rf1 {[#]} Rb4 (45... Rb1 $142 $1 {[%mdl 512]} 46. Kg1 (46. Rxb1 Bxf4+) 46... Rxf1+ 47. Kxf1 Qxf4+ 48. Ke2 Qc4+ 49. Qd3 Qe6+ 50. Kd1 c4) 46. Qa3 Rxf4 {Precision: Weiß = 53%, Schwarz = 73%.} 0-1

[Event "American Continental-ch 2018"]
[Site "Montevideo"]
[Date "2018.06.08"]
[Round "9"]
[White "Erenburg, Sergey"]
[Black "Pichot, Alan"]
[Result "1/2-1/2"]
[WhiteElo "2563"]
[BlackElo "2564"]
[Annotator "TA"]
[PlyCount "97"]
[EventDate "2018.??.??"]
[EventType "swiss"]
[EventCountry "URU"]
[SourceTitle "playchess.com"]
[Source "ChessBase"]
[SourceQuality "1"]

{[%evp 31,97,12,47,32,28,18,20,14,29,16,34,37,41,35,31,19,25,25,18,28,45,0,44,0,10,0,43,35,46,46,38,39,71,14,46,46,46,46,32,32,32,32,32,32,46,32,32,32,32,32,28,39,39,53,54,22,38,8,8,8,10,13,20,0,1,0,0,0]} 1. e4 c5 2. Nf3 Nc6 3. d4 cxd4 4. Nxd4 Nf6 5. Nc3 e5 6. Ndb5 d6 7. Bg5 a6 8. Na3 b5 {[%cal Bb7b5,Bb5b4][%mdl 32]} 9. Nd5 Be7 10. Bxf6 Bxf6 11. c4 b4 12. Nc2 a5 13. g3 {B33: Sicilian: Pelikan and Sveshnikov Variations} O-O 14. Bg2 Bg5 15. O-O Be6 (15... Ne7 16. Nce3 Bxe3 17. Nxe3 Be6 18. Rc1 Nc6 19. Nf5 {1-0 (54) Harikrishna,P (2744)-Yu,Y (2751) Huaian 2017}) 16. b3 Ne7 {LiveBook: 5 Games} 17. h4 Bh6 18. Nxe7+ Qxe7 19. Qd3 Qc7 20. Rad1 $146 ({Predecessor:} 20. Rfd1 Rfd8 {½-½ (34) Barlow,J (2450)-Martello,J (2422) ICCF email 2008}) 20... Rad8 21. Ne3 g6 22. Nd5 Qc5 23. Qe2 a4 24. Rd3 axb3 25. axb3 Ra8 26. Kh2 Kh8 27. Nf6 Bg7 28. Nd5 Bh6 29. Bh3 f5 30. exf5 gxf5 31. Qh5 Kg7 32. Ne7 (32. Rf3 $16) 32... Ra2 33. Rf3 e4 34. Nxf5+ Bxf5 35. Rxf5 Rxf5 36. Qxf5 Qxf5 37. Bxf5 $14 {[%mdl 4096] Endgame KRB-KRB} e3 38. Kg2 Rb2 39. g4 {[%cal Bg3g4,Bg4g5][%mdl 32] [#] aiming for g5.} Kh8 40. g5 Bg7 41. Kf3 exf2 42. Rxf2 Rxb3+ 43. Kg4 Rb2 44. Rf3 Bd4 $1 {The position is equal.} 45. Rf4 Be5 46. Rf1 {next Be6 is good for White.} Rd2 47. Be6 {[#] White threatens Rf8+ and mate.} Rd4+ 48. Kh5 {Rf8+ would kill now.} Rf4 $1 {[%cal Rf4f1]} 49. Rxf4 {Precision: White = 49%, Black = 69%.} 1/2-1/2

[Event "American Continental-ch 2018"]
[Site "Montevideo"]
[Date "2018.06.08"]
[Round "9"]
[White "Morovic Fernandez, Ivan"]
[Black "Cabrera Pando, Ramiro"]
[Result "1-0"]
[WhiteElo "2513"]
[BlackElo "2196"]
[Annotator "TA"]
[PlyCount "67"]
[EventDate "2018.??.??"]
[EventType "swiss"]
[EventCountry "URU"]
[SourceTitle "playchess.com"]
[Source "ChessBase"]
[SourceQuality "1"]

{[%evp 11,67,43,34,34,41,18,21,14,21,0,24,19,15,8,8,4,0,0,23,23,16,18,25,0,0,0,14,22,50,48,54,50,103,108,99,59,49,61,84,96,123,117,187,196,181,190,308,306,299,297,301,260,1354,1369,1285,1047,1047,1047]} 1. d4 d5 2. c4 e6 3. Nc3 a6 4. cxd5 exd5 5. Qb3 (5. Nf3 Nf6 6. Bg5 Be6 7. e3 Nbd7 8. Bd3 Bd6 9. O-O c6 10. Bf4 Qc7 11. Bxd6 Qxd6 12. Qc2 {½-½ (12) Lenic,L (2659)-Berkes,F (2688) Velky Cetin 2018}) 5... Nc6 6. Nf3 {D31: Queen's Gambit Declined: Semi-Slav without ...Nf6 (+ Marshall Gambit and Noteboom) and Exchange Variation lines without ...Nf6} Bb4 {LiveBook: 7 Games} 7. a3 Bxc3+ 8. bxc3 {White is slightly better.} Na5 9. Qb4 $146 ({Predecessor:} 9. Qc2 Ne7 10. e3 Bf5 11. Bd3 Bxd3 12. Qxd3 Qd6 13. a4 {0-1 (22) Basson,H (1961)-Sanchez Carol,J (2056) ICCF email 2016}) 9... Nc6 10. Qb3 (10. Qb2 {with more complications.} Nf6 11. e3 O-O 12. Bd3 Na5 13. Ne5) 10... Na5 11. Qa4+ c6 12. e3 Ne7 {[%cal Bg8e7,Be7f5,Bf5d6,Bd6e4][%mdl 32]} 13. Be2 O-O 14. O-O Nf5 15. Bd3 Nd6 16. Qc2 g6 17. Nd2 Bf5 18. Bxf5 gxf5 19. a4 $36 {[%mdl 2048] White is more active.} Re8 20. Ba3 Ne4 21. Bb4 $1 c5 (21... Re6 $14) 22. Bxa5 $16 ({Of course not} 22. Bxc5 $6 Nxd2 23. Qxd2 b6 $15) 22... Qxa5 23. Rfc1 cxd4 24. Nxe4 fxe4 25. cxd4 Re7 26. Qe2 Rc7 (26... Qb6 $16 27. Qg4+ Kh8) 27. Qg4+ $18 Kh8 28. Qf5 Rxc1+ (28... Rac8 {was worth a try.} 29. Rxc7 Qxc7) 29. Rxc1 {KQR-KQR} Kg8 30. h4 Qxa4 31. Qxd5 Qb4 $2 {[#]} (31... Qb5 32. Qxe4 Qb6 33. Qg4+ Kh8) 32. Qg5+ {White is clearly winning.} Kf8 33. Qf6 Kg8 34. Rc5 {Precision: White = 79%, Black = 56%.} 1-0

[Event "American Continental-ch 2018"]
[Site "Montevideo"]
[Date "2018.06.08"]
[Round "9"]
[White "Terry, Renato"]
[Black "Cimer, Emanuel"]
[Result "1-0"]
[WhiteElo "2503"]
[BlackElo "2262"]
[Annotator "TA"]
[PlyCount "85"]
[EventDate "2018.??.??"]
[EventType "swiss"]
[EventCountry "URU"]
[SourceTitle "playchess.com"]
[Source "ChessBase"]
[SourceQuality "1"]

{[%evp 15,85,10,25,0,2,10,19,18,29,20,82,82,77,76,85,71,88,78,78,74,110,81,83,86,72,85,82,65,89,92,86,50,64,54,69,81,186,175,184,185,185,175,255,254,231,251,263,253,271,267,251,252,348,348,332,311,327,317,332,314,349,338,354,316,985,976,29992,29993,29993,29994,29994,29995]} 1. Nf3 g6 2. d4 Nf6 3. b3 Bg7 4. Bb2 O-O 5. g3 d6 6. Bg2 c6 7. O-O Nbd7 8. Nbd2 Re8 {LiveBook: 10 Partien} 9. a4 {A49: Königsindisch (ohne c2-c4)} (9. e4 e5 10. dxe5 dxe5 11. Re1 Qc7 12. Nc4 Rd8 13. Qd6 Qxd6 14. Nxd6 Ne8 15. Nxc8 Raxc8 16. Bh3 Nc7 {½-½ (68) Meier,G (2512)-Guseinov,G (2585) ICC INT 2007}) 9... e5 10. dxe5 Nxe5 11. Nxe5 {Die Stellung ist ausgeglichen.} dxe5 12. Nc4 Qxd1 $146 (12... Bg4 $11) ({Vorgänger:} 12... Qc7 13. Qd6 Qxd6 14. Nxd6 Re7 15. Nxc8 Rxc8 16. Rfd1 e4 17. e3 Nd5 18. Bxg7 Kxg7 19. Rd4 f5 20. Rad1 Rcc7 21. Kf1 Rcd7 22. Ke1 {½-½ (22) Vogt,A-Stillger,B (2250) Germany 1991}) 13. Rfxd1 $16 Bf5 14. Rac1 e4 15. Nd6 Re7 16. Nxf5 gxf5 17. e3 Nd5 18. c3 Nf6 19. Ba3 Rc7 20. c4 Ng4 21. Rc2 Bf8 22. Bb2 Bg7 23. Bc1 Bf6 24. Rcd2 Rcc8 25. h3 Nh6 (25... Ne5 $16 {ist wohl besser.}) 26. Ba3 Rd8 27. Rd7 Kg7 28. Bf1 Ng8 (28... Rab8 $142 29. Be2 a5) 29. Be2 $18 b6 30. Bh5 Nh6 31. c5 bxc5 32. Bxc5 a5 33. Be2 Ng8 34. Bc4 Nh6 35. Bb6 Rdb8 36. Bc7 Rb7 {[#] Und ...Taa7 würde nun gewinnen.} 37. Bf4 Raa7 38. R7d6 Ng8 39. Rxc6 Ne7 $2 {[#]} (39... Bb2 40. Rd8 Rd7) 40. Rxf6 $1 {[%mdl 512]} Kxf6 41. Rd6+ {Weiß setzt Matt.} Kg7 42. Be5+ f6 43. Bxf6+ {Precision: Weiß = 82%, Schwarz = 34%.} 1-0

[Event "American Continental-ch 2018"]
[Site "Montevideo"]
[Date "2018.06.08"]
[Round "9"]
[White "Hoffman, Alejandro"]
[Black "Escalante Ramirez, Brian Sebasti"]
[Result "0-1"]
[WhiteElo "2475"]
[BlackElo "2422"]
[Annotator "TA"]
[PlyCount "60"]
[EventDate "2018.??.??"]
[EventType "swiss"]
[EventCountry "URU"]
[SourceTitle "playchess.com"]
[Source "ChessBase"]
[SourceQuality "1"]

{[%evp 17,60,17,22,-43,0,-10,-12,-13,-11,-33,-29,-45,-38,-39,-47,-47,-33,-112,-120,-138,-115,-216,-190,-218,-243,-280,-283,-390,-387,-389,-362,-416,-408,-560,-524,-703,-708,-1513,-1518,-1496,-1459,-29992,-29993,-29996,-1406]} 1. d4 Nf6 2. c4 g6 3. Nc3 Bg7 4. e4 d6 5. f3 O-O 6. Be3 Nc6 7. Qd2 a6 8. Nge2 Rb8 9. d5 Ne5 {LiveBook: 23 Games} 10. Nc1 {E84: King's Indian: Sämisch Panno: 7 Nge2 a6 8 Qd2 Rb8} (10. b3 $11) (10. Ng3 c5 11. a4 Qa5 12. Be2 Qb4 13. Nb1 Qxd2+ 14. Kxd2 b5 15. cxb5 axb5 16. Bxb5 Bd7 17. Na3 Bxb5 18. axb5 {0-1 (38) Gunina,V (2490)-Iturrizaga Bonelli,E (2650) Caleta 2013}) 10... c5 11. a4 e6 12. Be2 {The position is equal.} exd5 13. exd5 $146 ({Predecessor:} 13. cxd5 Bd7 14. a5 b5 15. axb6 Qxb6 16. Rxa6 {½-½ (26) Collier,D (2130)-Gwaze,R (2409) West Bromwich 2005}) 13... Nh5 {Hoping for ...Nxc4!} 14. g4 Qh4+ 15. Kd1 $1 Qh3 16. Rf1 $1 Nf6 17. g5 (17. Bf4 $15) 17... Nh5 $17 18. Ne4 Rd8 19. Rf2 (19. Ra3 $17 {was necessary.}) 19... Bf5 $19 20. Ra3 Qh4 21. Qc2 Re8 {[%cal Bd8e8,Be8e4,Be4c4][%mdl 32]} 22. Rb3 {[#]} Nxf3 $1 {[%mdl 512]} 23. Bxf3 Bxe4 24. Bxe4 Rxe4 (24... Qxe4 $2 25. Qxe4 Rxe4 26. Rc2 $19) 25. Qd2 Rxc4 26. Rb6 Bd4 27. Rxd6 Re8 28. Re2 Qg4 29. Ke1 Bxe3 30. Rxe3 Rxe3+ {Precision: White = 12%, Black = 75%.} (30... Qg1+ $142 31. Ke2 Nf4+ 32. Kf3 Rxe3+ 33. Qxe3 Qg2#) 0-1

[Event "American Continental-ch 2018"]
[Site "Montevideo"]
[Date "2018.06.08"]
[Round "9"]
[White "Cori Quispe, Kevin Joel"]
[Black "Ruiz Castillo, Joshua Daniel"]
[Result "1-0"]
[WhiteElo "2468"]
[BlackElo "2378"]
[Annotator "TA"]
[PlyCount "135"]
[EventDate "2018.??.??"]
[EventType "swiss"]
[EventCountry "URU"]
[SourceTitle "playchess.com"]
[Source "ChessBase"]
[SourceQuality "1"]

{[%evp 12,135,45,-1,-7,-8,37,42,54,50,75,28,36,14,0,10,25,14,34,38,30,4,59,60,59,61,63,63,72,43,45,30,43,0,0,0,10,10,8,8,0,-49,10,16,38,31,81,79,86,77,121,49,45,46,54,56,46,54,108,103,132,133,173,167,180,133,147,118,306,298,285,277,262,0,173,181,192,120,179,170,171,0,177,151,253,252,231,138,293,268,359,337,1030,1072,1025,940,752,1121,2125,2087,1962,1656,1609,453,1578,1168,1378,1193,1369,1307,1257,1139,1121,1092,993,822,1520,1077,1678,1378,1845,1592,5820,5485,5065,2120]} 1. e4 e6 2. d4 d5 3. Nc3 Nf6 4. Bg5 Be7 5. e5 Nfd7 6. h4 a6 7. Bxe7 Qxe7 {C14: French: Classical System: 4 Bg5 Be7 main line} 8. f4 Qb4 9. a3 Qb6 $146 {White is slightly better.} ({Predecessor:} 9... Qxb2 10. Na4 {1-0 (10) Warszawski,B (2277)-Wajda,M (1893) Mrzezyno 2011}) 10. b4 a5 11. Rb1 Nc6 12. Nb5 axb4 13. axb4 h5 14. Nf3 Ne7 15. Bd3 Nb8 16. Qd2 g6 (16... Bd7 $11 17. Nc3 Nbc6) 17. Qc3 Na6 18. O-O Bd7 19. Na3 Nb8 20. Ra1 {aiming for Nc4.} Ra4 21. Rfb1 O-O {Black wants to play ...Nbc6.} 22. Qc5 Nbc6 23. Nb5 Rxb4 24. Qxb6 cxb6 25. Nd6 Rb8 26. Ng5 Rxb1+ (26... Rxd4 $15 27. g3 Nf5) 27. Rxb1 $11 Nxd4 28. Ndxf7 Rf8 29. Nd6 $1 $36 {[%mdl 2048] Keeping Black busy.} Rxf4 30. Rxb6 Ndc6 {[#]} 31. Nf3 (31. Bb5 $1 $16 Nc8 32. Rxb7 Nxe5 33. Bxd7 Nxd6 34. Rb8+ (34. Bxe6+ Kf8 $11) 34... Rf8 35. Bxe6+ Kg7 36. Rb6) 31... Rb4 $14 32. Rxb7 Rxb7 33. Nxb7 Bc8 34. Nc5 Nd8 ({Black should play} 34... Nb4 $1 $14) 35. Kf2 $16 Kg7 36. Ke3 Ng8 37. Nd4 Ne7 38. Kf4 Nec6 39. Nb5 {Strongly threatening Nd6.} Bb7 $2 (39... Nb7 $16 40. Nb3 Bd7) 40. Nd6 $18 Ba8 41. Ne8+ Kf7 42. Nd6+ Kg7 43. c3 Ne7 44. g3 (44. Nb5 $18) 44... Nec6 (44... Bc6 $16 {was necessary.}) 45. Bf1 Kf8 46. Bd3 Kg7 47. Bc2 d4 (47... Ne7 $16 48. Bd1 Kh7) 48. c4 Nb4 {[#]} 49. Be4 (49. Bb1 $1 $18) 49... Bc6 $2 (49... Bxe4 $16 50. Kxe4 Kg8 51. Kxd4 Kf8) 50. Nb5 Bxe4 51. Kxe4 Nbc6 $2 (51... d3 52. Nxd3 Nbc6) 52. Nxd4 {White is clearly winning.} Nxd4 53. Kxd4 {[%mdl 4096] Endgame KN-KN} Nc6+ 54. Ke4 Kf7 55. Nb3 Ke7 56. Nd4 Nb4 57. Ne2 (57. c5 $142 Kd7 58. Kf4) 57... Kf7 (57... Nc6 $142 58. Nd4 Na5) 58. Nf4 Nc6 59. Nd3 Ne7 60. Kf4 Nc6 61. c5 {[%cal Bc4c5,Bc5c6,Bc6c7][%mdl 32]} Kf8 62. Ke4 Kf7 63. Nf4 Ne7 64. Ne2 Nc6 65. Nd4 Nb4 66. c6 {Intending c7 and mate.} Ke7 67. c7 Kd7 {[#]} 68. Nxe6 $1 {[%mdl 512] Precision: White = 71%, Black = 31%.} 1-0

[Event "American Continental-ch 2018"]
[Site "Montevideo"]
[Date "2018.06.08"]
[Round "9"]
[White "Panjwani, Raja"]
[Black "Perez Ponsa, Federico"]
[Result "1-0"]
[WhiteElo "2456"]
[BlackElo "2556"]
[Annotator "TA"]
[PlyCount "111"]
[EventDate "2018.??.??"]
[EventType "swiss"]
[EventCountry "URU"]
[SourceTitle "playchess.com"]
[Source "ChessBase"]
[SourceQuality "1"]

{[%evp 9,111,17,18,16,14,13,13,0,12,12,13,4,13,12,20,7,28,8,17,0,60,60,55,52,79,57,82,85,85,87,85,84,87,86,93,85,93,95,106,103,99,100,109,101,103,87,143,152,161,161,161,161,164,166,168,162,169,160,161,157,145,145,151,148,154,110,110,110,102,108,102,107,100,104,130,130,143,135,191,191,191,187,191,191,243,242,236,236,243,243,242,227,347,230,399,363,547,447,418,425,616,597,550,529]} 1. d4 d5 2. c4 e6 3. Nc3 a6 4. cxd5 exd5 5. Nf3 Nf6 6. Bf4 {D37: Queen's Gambit Declined: 5 Bf4} (6. Bg5 Be6 7. e3 h6 8. Bxf6 Qxf6 9. Qb3 Ra7 10. Bd3 Nd7 11. O-O Bd6 12. Rae1 O-O 13. Bb1 Qd8 {1-0 (40) Matlakov,M (2707)-Nabaty,T (2690) Batumi 2018}) 6... Bd6 7. Bxd6 Qxd6 8. Qc2 {The position is equal.} O-O 9. e3 Nc6 10. Be2 $146 ({Predecessor:} 10. a3 Bg4 11. Be2 Rae8 12. O-O Ne4 13. Rac1 Kh8 {½-½ (30) Popov,M (2374)-Lintchevski,D (2562) Pardubice 2017}) 10... Bg4 11. O-O Rfe8 12. Rfc1 Ne7 13. Na4 c6 14. Nc5 Rab8 (14... Qc7 $11) 15. b4 $14 Ng6 16. a4 Re7 17. Rab1 Rbe8 18. b5 axb5 19. axb5 Ne4 20. bxc6 bxc6 21. Nd3 Rc7 22. Rb6 Rec8 23. Nb4 Ne7 24. Ba6 {Hoping for Ne5.} Ra8 25. Ne5 Bd7 26. Nxd7 Qxd7 27. Bd3 $36 {[%mdl 2048] White is on the roll.} Rb7 (27... Nf6 $142) 28. Ra6 $16 Rxa6 29. Nxa6 Rb6 30. Bxe4 Rxa6 31. Bxh7+ Kf8 {Black wants to play ...g6.} 32. Bd3 Ra3 33. Be2 g6 34. Qc5 Ra2 35. Bf3 Kg7 36. h4 Rb2 37. g4 Qe6 38. Qa3 Rb8 39. Kg2 Rh8 40. Rh1 Qf6 {[#]} 41. Kg3 $1 Rh7 42. Qc5 Rh8 43. Qb4 Rh7 (43... Rf8 $16 44. Qb7 Qd6+ 45. Kg2 Rb8) 44. Qb8 $18 Rh8 45. Qf4 Qxf4+ 46. Kxf4 {[%mdl 4096] Endgame KRB-KRN} Kf6 (46... Ra8 $142 47. Rb1 Ra2) 47. g5+ Kg7 {[#]} 48. Ke5 $1 Nc8 49. Bg4 Re8+ 50. Kf4 Ne7 (50... Na7 {is a better defense.} 51. Ra1 Re4+ 52. Kg3 Re7) 51. Rb1 Ra8 $2 (51... Rh8 {was called for.} 52. Rb7 Re8) 52. Rb7 Kf8 (52... Re8 $142 53. Bh3 Ng8) 53. Bd7 Ra2 54. f3 Rh2 (54... Ra8 $142 55. e4 Kg7) 55. Rb8+ Kg7 56. Re8 {Precision: White = 76%, Black = 48%.} 1-0